000 00747nam a22002657a 4500
001 BR8106197
003 BR-BrBNA
005 20230928091053.0
007 ta
008 230509b bl.||||| |||| 00| 0 por d
040 _aBR-BrBNA
_bpor
_cBiblioteca Nacional de Agricultura
041 _a(Por)
072 _aN20
_b4630
_b/G514
090 _ 4630 BR8106197
100 1 _aBarbosa, R.L.
110 1 _aCompanhia Energetica de Sao Paulo, Sao Paulo (Brasil)
_92428
245 1 _aCarneiro hidraulico [instalacao agricola, Brasil]
260 3 _aSao Paulo, SP (Brasil):
_c1981.
300 _a15 p.
500 _a8 illus.
650 _aCARNEIRO HIDRAULICO
650 _aINSTALACAO AGRICOLA
909 _a202309
_bLucia
_c55
_dLucia Elande
942 _cBK
999 _c32071
_d32071